| 000 | 00317nam a2200121Ia 4500 | ||
|---|---|---|---|
| 008 | 220217s9999||||xx |||||||||||||| ||und|| | ||
| 082 | _a894.814 3 EKK | ||
| 100 |
_aEkkundi, Subbanna Ranganatha _96900 |
||
| 245 | 0 | _aBakulada hoogalu | |
| 260 |
_aAbhinava _bMysore _c2007 |
||
| 300 | _b75 | ||
| 650 |
_aNOVELS _95821 |
||
| 999 |
_c180070 _d180070 |
||